000 00507nam a2200169Ia 4500
999 _c34808
_d34808
003 OSt
005 20200201110703.0
008 190216s9999||||xx |||||||||||||| ||und||
040 _coclc
082 _a332.45
_bHEL/I
100 _a Heller, H Robert
_91744
245 0 _aInternational Monetary Economics /
_cH Robert Heller
260 _bPrentice Hall Of India Pvt Ltd,
_c1977.
_aNew Delhi:
300 _a230p
650 _aEconomics
942 _cBK
_2ddc
_h332.45
_iHEL/I
_k332.45
_mHEL/I